00783nam a2200229 a 450000100060000000300080000600500170001400800410003103500190007204000270009104100080011808200210012610000410014724500750018826000520026330000820031549000260039750400470042365000250047065100320049583000260052724959BD-RjUL20211209050818.0140315s1953 nyuabcf b 001 0 eng  a(BD-RjUL)25028 aDLCcDLCbengdBD-RjUL aeng00a940.22bNUT 19531 aNussbaum, Frédéric Louis,d1885-14aThe triumph of science and reason, 1660-1685 /cFrederick L. Nussbaum. aNew York ;aLondon :bHarper & Brothers,c1953. axiv, 304 p., [32] p. plates :bill., ports., map (on lining papers) ;c22 cm. aRise of modern Europe aBibliography : p. 261-290. Includes index. 0aSeventeenth century. 0aEuropexHistoryy1648-1715. 0aRise of modern Europe